00947nam a2200217 a 450000100100000000500170001000800410002704000250006810000270009324501410012026000370026130000200029850001050031865000330042365000320045665000350048870000460052370000380056995201050060799900170071200003631020200930075648.0120113s1972 mx 000 0 spa d aDO-SdBNPbspacBNPHU1 aWeston, Paul B.96245710aDirección y control de tránsito /cPaul B. Weston ; versión española Leonor Tejada Conde-Pelayo ; revisión Jorge Peña Reyes. aMéxico :bLimusa-Wiley,c1972. a273 p ;c23 cm. aA pie de portada: Centro Regional de Ayuda Técnica, Agencia para el Desarrollo Internacional (AID)24aControl de tránsito96245824aTránsito terrestre96245924aPolicía de tránsito9624601 aTejada Conde-Pelayo, Leonor,etrad.952311 aPeña Reyes, Jorge,erev.962461 001050718MOaGRbGRcHDd2012-01-13iLF1l0o p36311-10r2020-06-25w2020-06-25y1ZNo se presta c35801d35801